• 首页
  • 本馆介绍
  • 公告通知
  • 最新文献
  • 馆藏检索
  • 电子资源
  • 读者导购
  • 参考咨询
  • 我的图书馆
  • 登录
  • 详细信息显示
  • 放入我的书架
  • 预约/预借图书
  • 作者相关作品
  • 分类相关作品
  • 丛书相关作品
  • 出版社相关作品

书目信息

  • 表格格式
  • 工作单格式
  • 卡片格式
题名:
关于历史唯物主义
    
 
作者: 拉布里奥拉 著 ;扬启麟 译
分册:  
出版信息: 北京   人民出版社  1984.09
页数: 191页
开本: 20cm
丛书名:
单 册:
中图分类: B546
科图分类:
主题词: 哲学--欧洲
电子资源:
ISBN:
000 00588nam0 2200205 45
001 0181023959
005 20060525145357.32
010    @dCNY0.76
091    @a2001.256
100    @a20810111d km y0chiy0120 ea
101 0  @achi
200 1  @a关于历史唯物主义@Aguan yu li shi wei wu zhu yi@f(意)安·拉布里奥拉著@F(yi)an·la bu li ao la zhu@g扬启麟等译
210    @a北京@c人民出版社@d1984.09
215    @a191页@d20cm
606 0  @a哲学@x欧洲
690    @aB546@v3
701  0 @a拉布里奥拉@4著
702  0 @a扬启麟@AYang Qi Lin@4译
801    @aCN@bTSTC@c20060525
905    @dB546@f1@b120661@e1
    
    关于历史唯物主义/(意)安·拉布里奥拉著/扬启麟等译.-北京:人民出版社,1984.09
    191页;20cm
    
    
    ISBN :CNY0.76
    
●
相关链接 在E读中查询图书 在五车中查询图书 在当当中查询图书 在豆瓣中查询图书


正题名:关于历史唯物主义     索取号:B546/1         预约/预借

序号 登录号 条形码 馆藏地/架位号 状态 备注
1 0120652   000523703   密集书库/ [索取号:B546/1] 在馆    
2 0120653   000512608   密集书库/ [索取号:B546/1] 在馆    
3 0120654   000512635   密集书库/ [索取号:B546/1] 在馆    
4 0120656   000512644   密集书库/ [索取号:B546/1] 在馆    
5 0120657   000578878   密集书库/ [索取号:B546/1] 在馆    
6 0120658   000578869   第一借阅区/ [索取号:B546/1] 在馆    
7 0120659   000523696   第一样本阅览室/ [索取号:B546/1] 在馆    
8 0120660   202386505   密集书库/ [索取号:B546/1] 在馆    
9 0120661   001764086   密集书库/ [索取号:B546/1] 在馆    
10 0210655   000577566   密集书库/ [索取号:B546/1] 在馆    
唐山师范学院图书馆 欢迎您!
大连网信软件有限公司© 版权所有